Central Library OPAC University of Rajshahi

The Hindu law of religious and charitable trusts / (Record no. 78573)

MARC details
000 -LEADER
fixed length control field 00743nam a2200241 a 4500
001 - CONTROL NUMBER
control field 78573
003 - CONTROL NUMBER IDENTIFIER
rucl marc code BD-RjUL
005 - DATE AND TIME OF LATEST TRANSACTION
control field 20211209083138.0
008 - FIXED-LENGTH DATA ELEMENTS--GENERAL INFORMATION
fixed length control field 211010s1952 ii 001 0 eng
035 ## - SYSTEM CONTROL NUMBER
System control number (BD-RjUL)78799
040 ## - CATALOGING SOURCE
Original cataloging agency DLC
Transcribing agency DLC
Modifying agency EQO
-- BD-RjUL
Language of cataloging eng
041 ## - LANGUAGE CODE
Language code of text/sound track or separate title eng
082 0# - DEWEY DECIMAL CLASSIFICATION NUMBER
Edition number 23
Classification number 346.54064
Author mark and year MUH 1952
100 1# - MAIN ENTRY--PERSONAL NAME
Personal name Mukherjea, B. K.
Fuller form of name (Bijan Kumar),
Dates associated with a name 1891-1956.
9 (RLIN) 249034
245 10 - TITLE STATEMENT
Title The Hindu law of religious and charitable trusts /
Statement of responsibility, etc. B.K. Mukherjee.
250 ## - EDITION STATEMENT
Edition statement 1st. ed.
260 ## - PUBLICATION, DISTRIBUTION, ETC. (IMPRINT)
Place of publication, distribution, etc. Calcutta :
Name of publisher, distributor, etc. Eastern Law House,
Date of publication, distribution, etc. 1952
300 ## - PHYSICAL DESCRIPTION
Pagination 587 p.;
Size 25 cm.
650 #0 - SUBJECT ADDED ENTRY--TOPICAL TERM
Topical term or geographic name as entry element Charitable uses, trusts, and foundations (Hindu law)
9 (RLIN) 249035
Topical term or geographic name as entry element Religious trusts
Geographic subdivision India.
9 (RLIN) 249036
942 ## - ADDED ENTRY ELEMENTS (KOHA)
Source of classification or shelving scheme Dewey Decimal Classification
Koha item type Books
Holdings
Lost status Source of classification or shelving scheme Damaged status Not for loan Collection code Permanent Location Current Location Shelving location Date acquired Total Checkouts Full call number Date last seen Copy number Koha item type
  Dewey Decimal Classification   Not For Loan Non-fiction Central Library, University of Rajshahi Central Library, University of Rajshahi Reading Room 31/01/1955   346.54064 MUH 1952 10/10/2021 C-1 Books